[Event "SVK-chT3B2 2122"]
[Site "Slovakia"]
[Date "2022.05.22"]
[Round "11.6"]
[White "Majzlan, Blazej"]
[Black "Kosik, Peter"]
[Result "1/2-1/2"]
[WhiteElo "1576"]
[BlackElo "1494"]
[PlyCount "34"]
[EventDate "2021.10.24"]
[EventType "team-tourn"]
[EventRounds "11"]
[EventCountry "SVK"]
[SourceTitle "EXT 2024"]
[Source "ChessBase"]
[SourceDate "2023.10.10"]
[SourceVersion "1"]
[SourceVersionDate "2023.10.10"]
[SourceQuality "1"]
[WhiteTeam "Bojnice"]
[BlackTeam "Chynorany"]
[WhiteTeamCountry "SVK"]
[BlackTeamCountry "SVK"]

1. e4 e5 2. Nf3 Nc6 3. Bc4 Nf6 4. Ng5 d5 5. exd5 Na5 6. Bb5+ Bd7 7. Qe2 Bxb5 8. Qxb5+ c6 9. dxc6 bxc6 10. Qxe5+ Be7 11. d3 0-0 12. Nf3 Re8 13. 0-0 Bd6 14. Qf5 Qc7 15. Bd2 Nb7 16. Nc3 h5 17. Bg5 g6 1/2-1/2

[Event "SVK-chT3B2 2122"]
[Site "Slovakia"]
[Date "2022.02.27"]
[Round "5.6"]
[White "Kosik, Peter"]
[Black "Krajci, Hugo"]
[Result "1-0"]
[WhiteElo "1500"]
[BlackElo "1000"]
[PlyCount "55"]
[EventDate "2021.10.24"]
[EventType "team-tourn"]
[EventRounds "11"]
[EventCountry "SVK"]
[SourceTitle "EXT 2023"]
[Source "ChessBase"]
[SourceDate "2022.10.05"]
[SourceVersion "1"]
[SourceVersionDate "2022.10.05"]
[SourceQuality "1"]
[WhiteTeam "Chynorany"]
[BlackTeam "Puchov Vcielka"]
[WhiteTeamCountry "SVK"]
[BlackTeamCountry "SVK"]

1. e4 e5 2. f4 exf4 3. Nf3 Nf6 4. d3 d5 5. e5 Qe7 6. Be2 Nh5 7. d4 Bg4 8. 0-0 Bxf3 9. Bxf3 Qg5 10. Bxh5 g6 11. Bxf4 Qxh5 12. Qxh5 gxh5 13. Nc3 Nc6 14. Nxd5 0-0-0 15. c4 Nxd4 16. Rae1 Bc5 17. Kh1 Nc2 18. Re2 Nd4 19. Re4 Rde8 20. b4 f5 21. Ree1 Nc2 22. bxc5 Nxe1 23. Rxe1 c6 24. Nf6 Rd8 25. e6 Rhf8 26. e7 Rxf6 27. exd8Q+ Kxd8 28. Bg5 1-0

[Event "SVK-chT3B2 1920"]
[Site "Slovakia"]
[Date "2020.02.09"]
[Round "8.5"]
[White "Cernicky, Jan"]
[Black "Kosik, Peter"]
[Result "1-0"]
[WhiteElo "1559"]
[BlackElo "1543"]
[PlyCount "105"]
[EventDate "2019.10.06"]
[EventType "team-tourn"]
[EventRounds "11"]
[EventCountry "SVK"]
[SourceTitle "CBM 195 Extra"]
[Source "ChessBase"]
[SourceDate "2020.05.31"]
[SourceVersion "1"]
[SourceVersionDate "2020.05.31"]
[SourceQuality "1"]
[WhiteTeam "Dubnica nad Vahom IV"]
[BlackTeam "Chynorany"]
[WhiteTeamCountry "SVK"]
[BlackTeamCountry "SVK"]

1. d4 d5 2. Bf4 e6 3. Nf3 c5 4. c3 c4 5. e3 Nf6 6. Nbd2 Be7 7. Be2 0-0 8. Ne5 Nbd7 9. 0-0 Nxe5 10. dxe5 Nd7 11. Nf3 h5 12. h3 f6 13. Bh2 f5 14. Nd4 Nc5 15. Bxh5 Bd7 16. Bg6 Be8 17. Qh5 Bxg6 18. Qxg6 Qe8 19. Qxe8 Rfxe8 20. b4 cxb3 21. axb3 Bf8 22. b4 Ne4 23. Nb5 Rac8 24. Rxa7 Nxc3 25. Nd6 Bxd6 26. exd6 Rcd8 27. Rxb7 Ne4 28. Be5 Nxd6 29. Rxg7+ Kf8 30. Rh7 Nf7 31. Bd4 Ke7 32. Bc5+ Kf6 33. Bd4+ e5 34. Bc5 Kg6 35. Rh4 Kg5 36. g3 Kg6 37. Ra1 Re6 38. Ra7 Ng5 39. Kg2 Ne4 40. Rhh7 Nxc5 41. bxc5 e4 42. Rhd7 Rc8 43. Rxd5 Rec6 44. Ra5 Kf6 45. Rd6+ Rxd6 46. cxd6 Rd8 47. Rd5 Rd7 48. g4 fxg4 49. hxg4 Ke6 50. Rd2 Kf6 51. Kh3 Kg5 52. Kg3 Rf7 53. d7 1-0

[Event "SVK-chT3B2 1819"]
[Site "Slovakia"]
[Date "2019.01.27"]
[Round "6.6"]
[White "Kosik, Peter"]
[Black "Baran, Kamil"]
[Result "0-1"]
[WhiteElo "1564"]
[BlackElo "1415"]
[PlyCount "50"]
[EventDate "2018.10.21"]
[EventType "team-tourn"]
[EventRounds "11"]
[EventCountry "SVK"]
[SourceTitle "CBM 189 Extra"]
[Source "ChessBase"]
[SourceDate "2019.06.03"]
[SourceVersion "1"]
[SourceVersionDate "2019.06.03"]
[SourceQuality "1"]
[WhiteTeam "Chynorany"]
[BlackTeam "Povazske Podhradie "]
[WhiteTeamCountry "SVK"]
[BlackTeamCountry "SVK"]

1. e4 e5 2. f4 exf4 3. Nf3 g5 4. h3 Bg7 5. d4 d5 6. Nc3 Qe7 7. Qe2 dxe4 8. Nxe4 h6 9. Nf2 Qxe2+ 10. Bxe2 Nc6 11. c3 Nf6 12. Nd2 Bf5 13. Bd3 Bxd3 14. Nxd3 0-0-0 15. Nc4 Ne4 16. Kd1 Ng3 17. Rg1 Nxd4 18. cxd4 Rxd4 19. Kc2 Rxc4+ 20. Kb3 Re4 21. Bd2 Rd4 22. Kc2 Rhd8 23. Bc3 Rc4 24. Kb3 Rxc3+ 25. bxc3 Rxd3 0-1

[Event "SVK-chT3B2 1819"]
[Site "Slovakia"]
[Date "2019.01.13"]
[Round "5.6"]
[White "Sopko, Rudolf"]
[Black "Kosik, Peter"]
[Result "1-0"]
[WhiteElo "1728"]
[BlackElo "1564"]
[PlyCount "64"]
[EventDate "2018.10.21"]
[EventType "team-tourn"]
[EventRounds "11"]
[EventCountry "SVK"]
[SourceTitle "CBM 189 Extra"]
[Source "ChessBase"]
[SourceDate "2019.06.03"]
[SourceVersion "1"]
[SourceVersionDate "2019.06.03"]
[SourceQuality "1"]
[WhiteTeam "Trencin "]
[BlackTeam "Chynorany"]
[WhiteTeamCountry "SVK"]
[BlackTeamCountry "SVK"]

1. e4 e5 2. Bc4 Bc5 3. Nf3 Nc6 4. c3 f6 5. Nh4 g6 6. g3 a6 7. b4 Ba7 8. Qb3 Nce7 9. d3 c6 10. Bf7+ Kf8 11. Bxg8 Nxg8 12. Na3 b5 13. Be3 d6 14. Nc2 Bh3 15. Rg1 Qd7 16. 0-0-0 Be6 17. Qb2 Kf7 18. d4 d5 19. dxe5 fxe5 20. Nf3 Qc7 21. Ng5+ Ke7 22. Nxe6 Kxe6 23. f4 Ne7 24. fxe5 Bxe3+ 25. Nxe3 Qxe5 26. exd5+ Kf7 27. Rgf1+ Kg7 28. Qd2 Rac8 29. d6 Rhd8 30. Ng4 Qe6 31. Qh6+ Kh8 32. Nf6 Nd5 1-0

[Event "SVK-chT3B2 1819"]
[Site "Slovakia"]
[Date "2018.11.25"]
[Round "3.6"]
[White "Kosik, Peter"]
[Black "Duda, Daniel"]
[Result "1-0"]
[WhiteElo "1564"]
[BlackElo "1498"]
[PlyCount "101"]
[EventDate "2018.10.21"]
[EventType "team-tourn"]
[EventRounds "11"]
[EventCountry "SVK"]
[SourceTitle "CBM 189 Extra"]
[Source "ChessBase"]
[SourceDate "2019.06.03"]
[SourceVersion "1"]
[SourceVersionDate "2019.06.03"]
[SourceQuality "1"]
[WhiteTeam "Chynorany"]
[BlackTeam "Dubnica nad Vahom IV"]
[WhiteTeamCountry "SVK"]
[BlackTeamCountry "SVK"]

1. e4 c6 2. d4 d5 3. e5 Bf5 4. Nf3 e6 5. Bd3 Bxd3 6. Qxd3 Qa5+ 7. c3 Qa6 8. Qxa6 Nxa6 9. 0-0 h6 10. Be3 Ne7 11. Nbd2 g5 12. h4 Nf5 13. h5 Be7 14. g4 Nxe3 15. fxe3 0-0-0 16. Rf2 c5 17. b3 Rhf8 18. Raf1 cxd4 19. exd4 f5 20. exf6 Rxf6 21. Ne5 Rf4 22. Rxf4 gxf4 23. Rxf4 Bg5 24. Rf2 Be3 25. Kg2 Bxf2 26. Kxf2 Rf8+ 27. Kg3 Nc7 28. Ng6 Rf6 29. Ne7+ Kd7 30. Ng8 Ne8 31. Nxf6+ Nxf6 32. Kf4 Kd6 33. g5 Nxh5+ 34. Kg4 Ng7 35. gxh6 Nf5 36. h7 Nh6+ 37. Kg5 Nf7+ 38. Kg6 Nh8+ 39. Kg7 Ke7 40. Kxh8 Kf7 41. Nf3 b6 42. Ng5+ Kf8 43. Nxe6+ Kf7 44. Nc7 a5 45. Nxd5 b5 46. c4 bxc4 47. bxc4 a4 48. c5 a3 49. c6 Kf8 50. c7 Kf7 51. c8Q 1-0

[Event "SVK-chT3B2 1718"]
[Site "Slovakia"]
[Date "2017.10.22"]
[Round "2.7"]
[White "Kosik, Peter"]
[Black "Hamara, Roman"]
[Result "0-1"]
[WhiteElo "1537"]
[BlackElo "1653"]
[PlyCount "50"]
[EventDate "2017.10.08"]
[EventType "team-tourn"]
[EventRounds "11"]
[EventCountry "SVK"]
[SourceTitle "EXT 2019"]
[Source "ChessBase"]
[SourceDate "2018.10.10"]
[SourceVersion "1"]
[SourceVersionDate "2018.10.10"]
[SourceQuality "1"]
[WhiteTeam "Chynorany"]
[BlackTeam "Bojnice"]
[WhiteTeamCountry "SVK"]
[BlackTeamCountry "SVK"]

1. e4 Nf6 2. Nc3 e5 3. Bc4 Bc5 4. Nf3 Nc6 5. 0-0 d6 6. h3 Be6 7. Qe2 0-0 8. a3 Nh5 9. d3 Ng3 10. Qe1 Nxf1 11. Qxf1 Bxc4 12. dxc4 Nd4 13. Ne1 a6 14. Be3 c6 15. Ne2 f5 16. exf5 Nxf5 17. Bxc5 dxc5 18. Nd3 Qe7 19. Nc3 e4 20. Nc1 Rad8 21. Qe2 e3 22. f3 Rd2 23. Qe1 Nd4 24. Ra2 Nxf3+ 25. gxf3 Qg5+ 0-1

[Event "SVK-chT3B2 1617"]
[Site "Slovakia"]
[Date "2017.02.19"]
[Round "8.8"]
[White "Kosik, Peter"]
[Black "Kudlej, Adam"]
[Result "1-0"]
[WhiteElo "1590"]
[BlackElo "1553"]
[PlyCount "91"]
[EventDate "2016.10.16"]
[EventType "team-tourn"]
[EventRounds "11"]
[EventCountry "SVK"]
[SourceTitle "EXT 2018"]
[Source "ChessBase"]
[SourceDate "2017.10.13"]
[SourceVersion "1"]
[SourceVersionDate "2017.10.13"]
[SourceQuality "1"]
[WhiteTeam "Chynorany"]
[BlackTeam "Belusa"]
[WhiteTeamCountry "SVK"]
[BlackTeamCountry "SVK"]

1. e4 e5 2. f4 exf4 3. Nf3 Bc5 4. d4 Bb6 5. Bxf4 Qe7 6. Qd3 Qb4+ 7. Qc3 Nc6 8. Qxb4 Nxb4 9. Kd2 Nc6 10. c3 d6 11. h3 Nf6 12. Bd3 h6 13. Re1 0-0 14. e5 dxe5 15. Nxe5 Bd7 16. Nxd7 Nxd7 17. Na3 a6 18. Re3 Nf6 19. Bc4 Na5 20. Kd3 Nxc4 21. Kxc4 c6 22. Rf1 Rfe8 23. Nc2 Nd5 24. Rxe8+ Rxe8 25. Kd3 Nxf4+ 26. Rxf4 Re6 27. Re4 Rxe4 28. Kxe4 f6 29. Kf5 Kf7 30. Ne3 g6+ 31. Ke4 Ke6 32. g4 a5 33. c4 Ba7 34. a4 Kd6 35. Ng2 g5 36. Ne3 Ke6 37. Nf5 Bb8 38. Nxh6 Bf4 39. b3 b6 40. Nf5 c5 41. d5+ Kd7 42. h4 Ke8 43. h5 Kf7 44. h6 Kg6 45. d6 Bh2 46. Kd5 1-0